Experimentálne metódy jadrovej fyziky : Návody na cvičenia /

Salvato in:
Dettagli Bibliografici
Autori principali: Hozza, Viktor (Autore), Lipka, Jozef, 1940- (Autore)
Natura: Libro
Lingua:slovacco
Pubblicazione: Bratislava : STU v Bratislave, 1981
Edizione:2.vyd.
Tags: Aggiungi Tag
Nessun Tag, puoi essere il primo ad aggiungerne!!

MARC

LEADER 00000nam a22000003a 4500
001 stu6982
005 20150617225809.4
008 940801s1981----cs------------------slo-d
040 |a STU  |b slo 
041 0 |a slo 
044 |a cs 
100 1 |a Hozza, Viktor  |4 aut 
245 1 |a Experimentálne metódy jadrovej fyziky :  |b Návody na cvičenia /  |c [aut.] Hozza,Viktor; Lipka,Jozef 
250 |a 2.vyd. 
260 |a Bratislava :  |b STU v Bratislave,  |c 1981 
300 |a 207 s 
700 1 |a Lipka, Jozef,  |d 1940-  |4 aut  |u E060  |U FEI Fakulta elektrotechniky a informatiky  |T FEI Ústav jadrového a fyzikálneho inžinierstva  |X 3677  |U E060  |Y 817  |7 A000003677 
996 |b 284EK09046  |c E*48500  |l EE0105  |s P  |a 0  |w stu6982_0001